| 000 | 00895nam a22002897a 4500 | ||
|---|---|---|---|
| 003 | CHAP | ||
| 005 | 20220817044431.0 | ||
| 008 | 110401s1972 mx a r 00010 spa d | ||
| 010 | _a100819 | ||
| 011 | _a101791 | ||
| 035 | _a112479 | ||
| 040 | _cCHAP | ||
| 100 | 1 |
_aRydnik, Vitali _9101040 |
|
| 245 | 1 | 3 |
_aEl ABC de la mecánica cuántica _c/por Vitali Rydnik |
| 260 |
_aMéxico, D.F. : _bCultura Popular, _c1972 |
||
| 300 |
_a314 p. : _bilus. |
||
| 590 |
_aBATCH-UPD _b10 _c20130110 _lUCH01 _h1440 |
||
| 590 |
_aBATCH-UPD _b10 _c20130410 _lUCH01 _h0912 |
||
| 590 |
_aBATCH-UPD _b10 _c20130914 _lUCH01 _h1423 |
||
| 590 |
_aCONVERSION _b10 _c20130109 _lUCH01 _h1356 |
||
| 650 | 1 | 4 | _aÁtomos. |
| 650 | 1 | 4 |
_aFísica cuántica. _941996 |
| 650 | 1 | 4 |
_aTeoría cuántica. _9112307 |
| 901 | _aBK | ||
| 942 | _cLIBRO | ||
| 949 |
_a530.12 R97 _bBC _cLIBRO _d33724002237371 _eLIBRO _h114562 _i112479 _si _t$ 85.00 |
||
| 999 |
_c100819 _d100819 |
||